000 00700cam a2200217 a 4500
005 20131115095210.0
008 020201s2003 nyua b 001 0 eng
020 _a1571813802
041 0 _aeng
080 _a341
245 0 0 _aRethinking international organizations :
_cedited by Dennis Dijkzeul and Yves Beigbeder.
260 _aNew York :
_bBerghahn Books,
_c2003.
300 _axiv, 350 f. :
_bill. ;
_c24 cm.
500 _aPreface : IX-X
504 _aIncludes bibliographical references and indexes.
650 0 _aAgjencionet internacionale
650 0 _2E drejta ndërkombëtare
700 1 _aDijkzeul, Dennis.
700 1 _aBeigbeder, Yves.
942 _2udc
_cBK
999 _c338
_d338